000 00752nam a2200217Ii 4500
003 JO-AjNU
008 230605s9999||||xx |||||||||||||| ||und||
017 _a2008/5/1600
040 _aJO-AjNU
_bara
_erda
_cJO-AjNU
041 _aara
050 1 4 _aBF721.U4282.2011
100 3 _aالعمرية،صلاح الدين,
_eauthor
_930324
245 0 0 _aعلم النفس النمو
250 _aالطبعة العربية الاولى
264 3 1 _aعمان:مكتبة المجتمع العربي للنشر والتوزيع ، 2011
300 _a313ص
336 _atext
_btxt
_2rdacontent
337 _aunmediated
_bn
_2rdamedia
338 _avolume
_bnc
_2rdacarrier
650 4 _aعلم نفس النمو-سيكولوجية الافراد
_930325
999 _aA12007
_c15575
_d15575